Statistiche per La cultura nei colori #5 - Rosso

Clicka qui per fare il quiz!

Statistiche generali

  • Questo quiz è stato fatto 1.014 volte
  • Il punteggio medio è 11 su 22

Statistiche sulle risposte

DefinizioniRisposte% Corretto
Vi si affacciano Egitto, Sudan e Arabia SauditaMar Rosso
97%
Lo estrae l'arbitro di calcio per espellere un giocatore fallosoCartellino Rosso
84%
La scuderia delle "Rosse" in Formula 1Ferrari
83%
Città in cui si trova la Piazza RossaMosca
73%
Locale parigino simbolo della Belle-EpoqueMoulin Rouge
67%
Varietà di rosso che nell'antica Roma era simbolo di ricchezza e nobiltàPorpora
64%
Molecola che colora il sangue dei vertebrati di rossoEmoglobina
63%
Città francese che da il nome ad una varietà di RossoBordeaux
61%
Organizzazione umanitaria con sede in SvizzeraCroce Rossa
61%
Famosa novella di Giovanni Verga contenuta nella raccolta "Vita dei campi"Rosso Malpelo
58%
Ecclesiastico vestito di rosso che elegge il papa nel conclaveCardinale
56%
La band americana di "Californication"Red Hot Chili Peppers
54%
Squadra di calcio di Belgrado vincitore di una Coppa dei CampioniStella Rossa
47%
Soprannome dato alla nazionale di calcio del BelgioDiavoli Rossi
40%
Truppe di volontari guidate da Garibaldi che parteciparono all'unità d'ItaliaCamicie Rosse
37%
Stelle come Aldebaran o ArturoGiganti Rosse
29%
Insetto che per lungo tempo è stato utilizzato per tingere i tessuti di rossoCocciniglia
25%
Movimento politico e militare che seminò il terrore in Cambogia negli anni '70Khmer Rossi
24%
Fu il simbolo del Partito Socialista di CraxiGarofano Rosso
20%
Romanzo di Nathaniel HawthorneLa Lettera Scarlatta
16%
Così è conosciuto comunemente il Carassio DoratoPesce Rosso
15%
Celebre film western con John WayneOmbre Rosse
14%

Distribuzione punteggi

Percentile per numero di risposta

Percentuale di utenti per punteggio

I tuoi punteggi nel tempo

Non hai fatto questo quiz